Islam i problemy nacionalizma v stranach Bližnego i Srednego Vostoka: sbornik statej
| Main Author: | |
|---|---|
| Corporate Author: | |
| Format: | Print Book |
| Language: | Russian |
| Subito Delivery Service: | Order now. |
| Check availability: | HBZ Gateway |
| WorldCat: | WorldCat |
| Interlibrary Loan: | Interlibrary Loan for the Fachinformationsdienste (Specialized Information Services in Germany) |
| Published: |
Moskva
Izd. "Nauka", Glavnaja Red. Vostočnoj Literatury
1986
|
| In: | Year: 1986 |
| Further subjects: | B
Nationalism
B Islam B Ideology B Islamic countries |
MARC
| LEADER | 00000cam a2200000 c 4500 | ||
|---|---|---|---|
| 001 | 1091339473 | ||
| 003 | DE-627 | ||
| 005 | 20251108150750.0 | ||
| 007 | tu | ||
| 008 | 900817s1986 xx ||||| 00| ||rus c | ||
| 035 | |a (DE-627)1091339473 | ||
| 035 | |a (DE-576)021339473 | ||
| 035 | |a (DE-599)BSZ021339473 | ||
| 035 | |a (OCoLC)1485446016 | ||
| 035 | |a (OCoLC)311311262 | ||
| 035 | |a (DE-615)00141984 | ||
| 035 | |a (DE-615)00042097 | ||
| 040 | |a DE-627 |b ger |c DE-627 |e rakwb | ||
| 041 | |a rus | ||
| 084 | |a RG |2 fivr | ||
| 084 | |a RG00.12 |2 fivr | ||
| 084 | |a SG09 |2 fivs | ||
| 084 | |a SF05 |2 fivs | ||
| 084 | |a 0 |2 ssgn | ||
| 242 | 1 | 0 | |a Inhalt: Der Islam und die Probleme des Nationalismus in den Ländern des Nahen und Mittleren Ostens |y rus |
| 245 | 0 | 0 | |a Islam i problemy nacionalizma v stranach Bližnego i Srednego Vostoka |b sbornik statej |c Akademija Nauk SSSR, Institut Vostokovedenija. [Red. koll.: Ju. V. Gankovskij ...] |
| 264 | 1 | |a Moskva |b Izd. "Nauka", Glavnaja Red. Vostočnoj Literatury |c 1986 | |
| 300 | |a 234 S. | ||
| 336 | |a Text |b txt |2 rdacontent | ||
| 337 | |a ohne Hilfsmittel zu benutzen |b n |2 rdamedia | ||
| 338 | |a Band |b nc |2 rdacarrier | ||
| 500 | |a In kyrill. Schr., russ | ||
| 583 | 1 | |a Archivierung prüfen |c 20250503 |f DE-640 |z 2 |2 pdager | |
| 583 | 1 | |a Archivierung/Langzeitarchivierung gewährleistet |f SSG |x XA-DE-BW |2 pdager |5 DE-21 | |
| 650 | 0 | 7 | |0 (DE-588)4026486-5 |0 (DE-627)106288180 |0 (DE-576)208966552 |a Ideologie |2 gnd |
| 650 | 0 | 7 | |0 (DE-588)4041300-7 |0 (DE-627)106219758 |0 (DE-576)209044373 |a Nationalismus |2 gnd |
| 650 | 0 | 7 | |0 (DE-588)4027743-4 |0 (DE-627)106283499 |0 (DE-576)20897220X |a Islam |2 gnd |
| 651 | 7 | |0 (DE-588)4073172-8 |0 (DE-627)104279893 |0 (DE-576)209189622 |a Islamische Staaten |2 gnd | |
| 700 | 1 | |e Red. |0 (DE-588)1067947132 |0 (DE-627)819382353 |0 (DE-576)164356681 |4 adp |a Gankovskij, Jurij Vladimirovič |d 1921-2001 | |
| 710 | 2 | |0 (DE-588)1007674-8 |0 (DE-627)103107479 |0 (DE-576)191173622 |4 oth |a Institut vostokovedenija |g Moskau | |
| 889 | |w (DE-576)38926413X | ||
| 935 | |a mteo | ||
| 936 | f | i | |0 (DE-627)1756133476 |a RG |b Naher und Mittlerer Osten und Nordafrika |k Naher und Mittlerer Osten und Nordafrika |2 fivr |
| 936 | f | i | |0 (DE-627)1756133522 |a RG00.12 |b Islamische Welt |k Naher und Mittlerer Osten und Nordafrika |k Geographische Räume (länderübergreifend) und Organisationen des Nahen und Mittleren Ostens/Nordafrikas |k Islamische Welt |2 fivr |
| 936 | f | i | |0 (DE-627)1756136092 |a SG09 |b Religion/Religionsgemeinschaften |k Gesellschaft |k Religion/Religionsgemeinschaften |2 fivs |
| 936 | f | i | |0 (DE-627)1756135800 |a SF05 |b Innenpolitik |k Staat |k Innenpolitik |2 fivs |
| 938 | 1 | 0 | |0 (DE-627)1756155704 |0 (DE-615)6605819 |a Naher und Mittlerer Osten |2 fivt |
| 938 | 1 | 0 | |0 (DE-627)1756206589 |0 (DE-615)6610187 |a Arabische Länder |2 fivt |
| 938 | 1 | 0 | |0 (DE-627)1756168962 |0 (DE-615)6608728 |a Regionale internationale Prozesse und Tendenzen |2 fivt |
| 938 | 1 | 0 | |0 (DE-627)1756198705 |0 (DE-615)6600792 |a Ideologisch-kulturelle Faktoren der Außenpolitik |2 fivt |
| 938 | 1 | 0 | |0 (DE-627)1756142769 |0 (DE-615)6603915 |a Religion |2 fivt |
| 938 | 1 | 0 | |0 (DE-627)1756191344 |0 (DE-615)6606399 |a Widerspruch |2 fivt |
| 938 | 1 | 0 | |0 (DE-627)1756206856 |0 (DE-615)6610147 |a Islamische Länder/Islamische Welt |2 fivt |
| 938 | 1 | 0 | |0 (DE-627)175618271X |0 (DE-615)6605158 |a Ideologie |2 fivt |
| 938 | 1 | 0 | |0 (DE-627)1756183988 |0 (DE-615)6607777 |a Nationalismus |2 fivt |
| 938 | 1 | 0 | |0 (DE-627)1756169551 |0 (DE-615)6605656 |a Islam |2 fivt |
| 938 | 1 | 1 | |0 (DE-627)1756175950 |0 (DE-615)6608313 |a Regionales internationales System |2 fiva |
| 938 | 1 | 1 | |0 (DE-627)1756176868 |0 (DE-615)6608506 |a Multilaterale internationale Beziehungen |2 fiva |
| 938 | 1 | 1 | |0 (DE-627)1756221677 |0 (DE-615)6600681 |a Bestimmungsfaktoren der Außenpolitik |2 fiva |
| 938 | 1 | 1 | |0 (DE-627)1756209928 |0 (DE-615)6608136 |a Ideologische Faktoren |2 fiva |
| 938 | 1 | 1 | |0 (DE-627)1756155968 |0 (DE-615)6605858 |a Traditionsbewusstsein |2 fiva |
| 938 | 1 | 1 | |0 (DE-627)175616259X |0 (DE-615)6601749 |a Iran |2 fiva |
| 938 | 1 | 1 | |0 (DE-627)1756221421 |0 (DE-615)6601588 |a Türkei |2 fiva |
| 938 | 1 | 1 | |0 (DE-627)1756163960 |0 (DE-615)6601939 |a Saudi-Arabien |2 fiva |
| 938 | 1 | 1 | |0 (DE-627)1756164258 |0 (DE-615)6601998 |a Afghanistan |2 fiva |
| 938 | 1 | 1 | |0 (DE-627)1756198179 |0 (DE-615)6600883 |a Pakistan |2 fiva |
| 951 | |a BO | ||
| ELC | |b 1 | ||
| ITA | |a 1 |t 1 | ||
| LOK | |0 000 xxxxxcx a22 zn 4500 | ||
| LOK | |0 001 2149433605 | ||
| LOK | |0 003 DE-627 | ||
| LOK | |0 004 1091339473 | ||
| LOK | |0 005 20010607000000 | ||
| LOK | |0 008 900817||||||||||||||||ger||||||| | ||
| LOK | |0 040 |a DE-21 |c DE-627 |d DE-21 | ||
| LOK | |0 852 |a DE-21 | ||
| LOK | |0 852 1 |c 29 A 21880 |9 00 | ||
| LOK | |0 935 |a vord | ||
| LOK | |0 939 |a 17-08-90 |b l01 | ||
| LOK | |0 000 xxxxxcx a22 zn 4500 | ||
| LOK | |0 001 4426329221 | ||
| LOK | |0 003 DE-627 | ||
| LOK | |0 004 1091339473 | ||
| LOK | |0 005 20231218172753 | ||
| LOK | |0 008 231205||||||||||||||||ger||||||| | ||
| LOK | |0 040 |a DE-Tue135 |c DE-627 |d DE-Tue135 | ||
| LOK | |0 092 |o n | ||
| LOK | |0 852 |a DE-Tue135 | ||
| LOK | |0 852 1 |9 00 | ||
| LOK | |0 935 |a fivi | ||
| LOK | |0 939 |a 05-12-23 |b l01 | ||
| ORI | |a SA-MARC-ixtheoa001.raw | ||
| REL | |a 1 | ||
| STA | 0 | 0 | |a Ideology,Political science,Islam,Islam,Islamic countries,Islamic states,Nationalism,Nationalism in literature,Nationalism in art |
| STB | 0 | 0 | |a Idéologie,Idées politiques,Islam,Islam,Nationalisme |
| STC | 0 | 0 | |a Ideología,Islam,Islam,Nacionalismo |
| STD | 0 | 0 | |a Ideologia,Islam,Islam,Nazionalismo |
| STE | 0 | 0 | |a 伊斯兰教,伊斯兰教,回教,回教,意识形态,意缔牢结,意理,民族主义,国民主义,国族主义 |
| STF | 0 | 0 | |a 伊斯蘭教,伊斯蘭教,回教,回教,意識形態,意締牢結,意理,民族主義,國民主義,國族主義 |
| STG | 0 | 0 | |a Ideologia,Islã,Islã,Nacionalismo |
| STH | 0 | 0 | |a Идеология,Ислам (мотив),Ислам,Национализм |
| STI | 0 | 0 | |a Εθνικισμός,Ιδεολογία,Ισλάμ (μοτίβο),Ισλάμ |
| SUB | |a REL | ||
| SYE | 0 | 0 | |a Politische Ideologie,politische Ideologie,Ideologie, politische,Politische Ideologie,Ideologien , Pannationalismus , Islam |
| SYF | 0 | 0 | |a Islamischer Orient,Islamische Länder,Islamische Regionen |